000 00420nam a2200181Ia 4500
001 18643
005 20260306171645.0
008 260306s9999||||xx |||||||||||||| ||und||
041 _aESP
082 _a658.4092
_bR91
100 _aRubinstein, Moshe F.
_eAUT
245 0 _aLa organización pensante
260 _c2001
300 _a186 pƔginas :
_c
650 _aGEN
654 _aCAN
942 _cLIB
_dJUS
_fJUS
_2ddc
_n
999 _c18643
_d18643